| 000 | 01491nam0a22003371 4500 | ||
|---|---|---|---|
| 001 | rc\2744057 | ||
| 005 | 20260407105741.0 | ||
| 010 |
_d10 р., переплет 2 р. _93070 |
||
| 021 |
_aRU _b40-3325 |
||
| 035 | _a(NLR Aleph) 006871152 | ||
| 090 |
_a6948709 _c6948709 |
||
| 100 | _a20110915d1939 |||y0rusy50 ca | ||
| 101 | 0 | _arus | |
| 102 | _aRU | ||
| 105 | _aabc z ||||| | ||
| 200 | 1 |
_aСоциалистическое сельское хозяйство Советской Украины _fЕ.М. Иоффе, А.Ф. Нагорный, И.С. Пасхавер [и др. _gотв. редактор В.В. Рудницкий] _gАкадемия наук УССР, Институт экономики |
|
| 210 |
_aКиев _cИздательство Академии наук УССР _d1939 |
||
| 215 |
_a264 с., 3 вкл. л. ил., портр. _cил., портр., карт. _d23 |
||
| 606 | 1 |
_aСельское хозяйство _yУкраинская ССР _91128444 _3RU\NLR\AUTH\66447946 |
|
| 686 | 1 | _aП9(237Ук) | |
| 701 | 1 |
_aПасхавер _bИ. С. _gИосиф Саулович |
|
| 701 | 1 |
_aНагорный _bА. Ф. _gАфанасий Федотович |
|
| 701 | 1 |
_aИоффе _bЕ. М. |
|
| 702 | 1 |
_aРудницкий _bВ. В. _4340 |
|
| 712 | 0 | 2 |
_aИнститут экономики _cКиев _9369831 _3RU\NLR\AUTH\889937503 |
| 801 | 0 |
_aRU _bNLR _gpsbo |
|
| 801 | 1 |
_aRU _bELAR _2rusmarc |
|
| 852 |
_aNLR _j39-4/1759 |
||
| 942 | _cBOOK | ||
| 980 | _aNB | ||